000 01304cam a22002891i 4500
003 SA-RiAUC
005 20250624123300.0
008 250622s1990 ly g b f001 0 ara c
040 _aSA-RiAUC
_bara
_cSA-RiAUC
_erda
082 0 4 _a253.901
090 _a253.901
_bا ب ن غ
100 1 _aابن غلبون، محمد بن خليل غلبون الطرابلسي،
_dتوفي حوالي 1150 هجري
_eمؤلف.
245 1 2 _aالتحفة في علم المواريث /
_cتأليف أبو عبد الله محمد بن خليل غلبون الطرابلسي بن غلبون ؛ حقق نصوصه وقدم له وعلق عليه السائح علي حسين.
250 _aالطبعة الأولى.
264 1 _aطرابلس، ليبيا :
_bكلية الدعوة الإسلامية،
_c1990
300 _a259 صفحة ؛
_c24 سم.
336 _aنص
_btxt
_2rdacontent
_3كتاب
337 _aبدون وسيط
_bn
_2rdamedia
338 _aمجلد
_bnc
_2rdacarrier
490 0 _aسلسلة التراث ؛
_v1
500 _aيشتمل على كشافات.
504 _aببليوجرافية : صفحة 237-242.
650 7 _aالمواريث
_2aucsh
700 1 _aحسين، السائح علي،
_d1936-
_eمحقق.
942 _2ddc
_cBOOK
_n0
949 _aSA-JeALM
_d250622
_umohamedma123
_n1
999 _c9146
_d9146